Disco Elysium Skills - Statistics

General Stats
  • This quiz has been taken 177 times
  • The average score is 19 of 24
Answer Stats
Hint Answer % Correct
"Call upon all your knowledge. Produce fascinating trivia." Encyclopedia
94%
"Intimidate the public. Assert yourself." Authority
88%
"Go to party planet. Love and be loved by drugs." Electrochemistry
88%
"Play the actor. Lie - and detect lies." Drama
87%
"Understand others. Work your mirror neurons." Empathy
87%
"Raise the hair on your neck. Tune in to the city." Shivers
87%
"Hold yourself together. Keep your Morale up." Volition
86%
"Wield raw intellectual power. Deduce the world." Logic
85%
"Hunches and gut feelings. Dreams in waking life." Inland Empire
83%
"Practice the art of persuasion. Enjoy rigorous intellectual discourse." Rhetoric
81%
"Reconstruct crime scenes. Make laws of physics work for the Law." Visual Calculus
80%
"Let the body take control. Threaten people." Half Light
79%
"Ready? Aim and fire." Hand/eye Coordination
79%
"The quickest to react. An untouchable man." Reaction Speed
77%
"Understand creativity. See Art in the world." Conceptualization
75%
"Straighten your back. Keep your poker face." Composure
74%
"See, hear and smell everything. Let no detail go unnoticed." Perception
73%
"Take the blows. Don't let the world kill you." Endurance
72%
"Connect to Station 41. Understand cop culture." Esprit de Corps
70%
"Shrug off the pain. They'll have to hurt you more." Pain Threshold
70%
"Flex powerful muscles. Enjoy healthy organs." Physical Instrument
70%
"Sneak under their noses. Stun with immense panache." Savoir Faire
70%
"Master machines. Pick locks and pockets." Interfacing
61%
"Charm men and women. Play the puppet-master." Suggestion
61%
No matching quizzes found
Score Distribution
Percent of People with Each Score
Percentile by Number Answered
Your Score History
You have not taken this quiz